Biggest World Cities (A-Z by Last Letter) Beginning with S - Statistics

General Stats
  • This quiz has been taken 135 times
  • The average score is 12 of 26
Answer Stats
Country Starts Place Ends Population % Correct
South Korea S Seoul L 10.3m
99%
Sweden S Stockholm M 1.5m
99%
Brazil S Sao Paulo O 10.0m
96%
Singapore S Singapore E 3.5m
95%
Australia S Sydney Y 4.6m
95%
China S Shanghai I 22.3m
87%
UK (Eng) S Sheffield D 685k
67%
Brazil S Salvador R 2.7m
63%
Indonesia S Surabaya A 2.3m
60%
Iran S Shiraz Z 1.2m
58%
China S Shenzhen N 10.3m
56%
India S Surat T 2.9m
56%
Tunisia S Sfax X 277k
44%
China S Shenyang G 6.3m
44%
Russia S Saratov V 864k
36%
Cambodia S Siem Reap P 139k
30%
USA (MI) S Saginaw W 126k
29%
China S Suzhou U 5.3m
25%
Brazil S Sao Luis S 917k
18%
Russia S Smolensk K 321k
16%
Algeria S Setif F 252k
6%
Poland S Sosnowiec C 227k
3%
Oman S Seeb B 237k
1%
Iraq S Said Sadiq Q 61k
0%
Bangladesh S Shibganj J 378k
0%
Saudi Arabia S Sultanah H 947k
0%
No matching quizzes found
Score Distribution
Percent of People with Each Score
Percentile by Number Answered
Your Score History
You have not taken this quiz